<?xml version="1.0" encoding="UTF-8"?>
<record
    xmlns:xsi="http://www.w3.org/2001/XMLSchema-instance"
    xsi:schemaLocation="http://www.loc.gov/MARC21/slim http://www.loc.gov/standards/marcxml/schema/MARC21slim.xsd"
    xmlns="http://www.loc.gov/MARC21/slim">

  <leader>00717nam a22001577a 4500</leader>
  <controlfield tag="003">OSt</controlfield>
  <controlfield tag="005">20150921103723.0</controlfield>
  <controlfield tag="008">150921b        xxu||||| |||| 00| 0 eng d</controlfield>
  <datafield tag="040" ind1=" " ind2=" ">
    <subfield code="c">RUA</subfield>
  </datafield>
  <datafield tag="082" ind1=" " ind2=" ">
    <subfield code="a">AGR CHH 2006 BO33 Or.1</subfield>
  </datafield>
  <datafield tag="100" ind1=" " ind2=" ">
    <subfield code="9">995</subfield>
    <subfield code="a">CHHUM, VISETH</subfield>
  </datafield>
  <datafield tag="245" ind1=" " ind2=" ">
    <subfield code="a">EFFECT OF DIFFERENT MEDIA(PDA,MA,PDASE,PDARBS TO THE GROWTH OF OYSTER MUSHROOM,(&#x17A5;&#x1791;&#x17D2;&#x1792;&#x17B7;&#x1796;&#x179B;&#x1793;&#x17C3;&#x1798;&#x1787;&#x17D2;&#x178D;&#x178A;&#x17D2;&#x178B;&#x17B6;&#x1793;&#x178A;&#x17BC;&#x1785;&#x1782;&#x17D2;&#x1793;&#x17B6; (&#x1794;&#x17C9;&#x17C1;&#x178A;&#x17C1;&#x17A2;&#x17B6;, &#x17A2;&#x17B9;&#x1798;&#x17A2;&#x17B6;, &#x1794;&#x17C9;&#x17C1;&#x178A;&#x17C1;&#x17A2;&#x17B6;&#x17A2;&#x17C1;&#x179F;&#x17A2;&#x17BA;,&#x1794;&#x17C9;&#x17C1;&#x178A;&#x17C1;&#x17A2;&#x17B6;&#x17A2;&#x17CA;&#x17C2;&#x17A2;&#x17C1;&#x179F;) &#x179B;&#x17BE;&#x1780;&#x17B6;&#x179A;&#x179B;&#x17BC;&#x178F;&#x179B;&#x17B6;&#x179F;&#x17CB;&#x179A;&#x1794;&#x179F;&#x17CB;&#x1795;&#x17D2;&#x179F;&#x17B7;&#x178F;&#x17A2;&#x17C6;&#x1794;&#x17C4;&#x17C7;).</subfield>
  </datafield>
  <datafield tag="260" ind1=" " ind2=" ">
    <subfield code="a">PHNOM PHEN</subfield>
    <subfield code="b">RUA</subfield>
    <subfield code="c">2006</subfield>
  </datafield>
  <datafield tag="300" ind1=" " ind2=" ">
    <subfield code="a">XIII,42P.</subfield>
    <subfield code="b">ILL.</subfield>
    <subfield code="c">29CM.</subfield>
  </datafield>
  <datafield tag="942" ind1=" " ind2=" ">
    <subfield code="2">ddc</subfield>
    <subfield code="c">AGR</subfield>
  </datafield>
  <datafield tag="999" ind1=" " ind2=" ">
    <subfield code="c">955</subfield>
    <subfield code="d">955</subfield>
  </datafield>
  <datafield tag="952" ind1=" " ind2=" ">
    <subfield code="0">0</subfield>
    <subfield code="1">0</subfield>
    <subfield code="2">ddc</subfield>
    <subfield code="4">0</subfield>
    <subfield code="6">AGR_CHH_2006_000000000000000_BO33_OR_1</subfield>
    <subfield code="7">0</subfield>
    <subfield code="9">3936</subfield>
    <subfield code="a">LBB</subfield>
    <subfield code="b">LBB</subfield>
    <subfield code="c">B033</subfield>
    <subfield code="d">2015-09-21</subfield>
    <subfield code="l">2</subfield>
    <subfield code="o">AGR CHH 2006 BO33 Or.1</subfield>
    <subfield code="p">RUA002323</subfield>
    <subfield code="r">2020-08-10</subfield>
    <subfield code="s">2020-07-31</subfield>
    <subfield code="w">2015-09-21</subfield>
    <subfield code="y">AGR</subfield>
  </datafield>
</record>
